Top selling albums in the UK (1956-2009) Quiz Stats

 Plays Quiz not verified by Sporcle

Score 0/10 Timer 05:00
0 Plays Today
Year Album % Correct
1982thriller
81.2%
1967sgt. pepper's lonely hearts club band
58%
1973the dark side of the moon
40.6%
1987bad
36.2%
1981greatest hits
27.5%
1985brothers in arms
21.7%
1990the immaculate collection
20.3%
1992ABBA gold
15.9%
1995(what's the story) morning glory?
10.1%
1991greatest hits II
10.1%

You're not logged in!

Compare scores with friends on all Sporcle quizzes.
OR
Log In

Show Comments

Extras

Top Quizzes Today


Score Distribution

Your Account Isn't Verified!

In order to create a playlist on Sporcle, you need to verify the email address you used during registration. Go to your Sporcle Settings to finish the process.

Report this User

Report this user for behavior that violates our Community Guidelines.

Details: